[Event "4NCL/Div4/ATH2 vs. LMAO1"]
[Site "Birmingham ENG"]
[Date "2006.09.24"]
[Round "2.2"]
[White "Schlesinger, Noah W"]
[Black "Wilson, David"]
[Result "1-0"]
[WhiteElo "1935"]
[BlackElo "1740"]
[PlyCount "29"]
[EventDate "2006.09.24"]
[EventType "team"]
[EventRounds "11"]
[EventCountry "ENG"]
[WhiteTeam "London Mstrs 1"]
[BlackTeam "Athenaeum 2"]

1. c4 d5 2. cxd5 Qxd5 3. Nc3 Qa5 4. d4 c6 5. Nf3 Bf5 6. Bd2 e6 7. e4 Bg6 8. Ne5
Nf6 9. Qb3 Bb4 10. Nc4 Qc7 11. Qxb4 Kd7 12. Ne5+ Ke8 13. f3 Nbd7 14. Nc4 Rd8
15. Nd6+ 1-0

[Event "4NCL/Div4/ATH2 vs. LMAO1"]
[Site "Birmingham ENG"]
[Date "2006.09.24"]
[Round "2.3"]
[White "Foster, James M"]
[Black "Walker, Colin M"]
[Result "1/2-1/2"]
[WhiteElo "1665"]
[BlackElo "1910"]
[PlyCount "70"]
[EventDate "2006.09.24"]
[EventType "team"]
[EventRounds "11"]
[EventCountry "ENG"]
[WhiteTeam "Athenaeum 2"]
[BlackTeam "London Mstrs 1"]

1. e4 c5 2. Nf3 g6 3. d4 cxd4 4. Nxd4 Nc6 5. Nc3 Bg7 6. Be3 Nf6 7. f3 O-O 8.
Qd2 d5 9. O-O-O dxe4 10. Nxe4 Nxe4 11. fxe4 Nxd4 12. Bxd4 Bxd4 13. Qxd4 Qc7 14.
Bc4 Bg4 15. Rdf1 Rad8 16. Qc3 Rc8 17. Bd5 Qxc3 18. bxc3 b6 19. h3 Be2 20. Rf2
Bc4 21. Rd1 e6 22. Bxc4 Rxc4 23. Rd7 a5 24. Rb7 Rxe4 25. Rxb6 Rd8 26. Rb7 f5
27. Kb2 Rd1 28. Rc7 Rd6 29. c4 e5 30. c5 Rd5 31. Kb3 Rb4+ 32. Kc3 Rdd4 33. c6
Rbc4+ 34. Kb3 Rb4+ 35. Kc3 Rbc4+ 1/2-1/2

[Event "4NCL/Div4/ATH2 vs. LMAO1"]
[Site "Birmingham ENG"]
[Date "2006.09.24"]
[Round "2.4"]
[White "Graham, Louis"]
[Black "Sant, Maria"]
[Result "1-0"]
[WhiteElo "1940"]
[BlackElo "1420"]
[PlyCount "51"]
[EventDate "2006.09.24"]
[EventType "team"]
[EventRounds "11"]
[EventCountry "ENG"]
[WhiteTeam "London Mstrs 1"]
[BlackTeam "Athenaeum 2"]

1. d4 d5 2. Nf3 Bg4 3. Bf4 Nf6 4. e3 Nc6 5. Nbd2 e6 6. c3 Bd6 7. Bb5 Bxf4 8.
exf4 O-O 9. h3 Bxf3 10. Qxf3 Qd6 11. g4 Rae8 12. O-O-O Nd7 13. Nf1 Nb6 14. Ne3
Rd8 15. Bd3 g6 16. h4 Na5 17. h5 Qc6 18. hxg6 hxg6 19. Qh3 Kg7 20. Qh6+ Kf6 21.
Qg5+ Kg7 22. f5 Na4 23. f6+ Kg8 24. Rh8+ Kxh8 25. Qh6+ Kg8 26. Qg7# 1-0

[Event "4NCL/Div4/MET vs. KSP"]
[Site "West Bromwich ENG"]
[Date "2006.12.02"]
[Round "3.1"]
[White "Noden, Nicolas"]
[Black "Carpenter, Dai"]
[Result "1-0"]
[WhiteElo "2185"]
[BlackElo "2030"]
[PlyCount "85"]
[EventDate "2006.12.02"]
[EventType "team"]
[EventRounds "11"]
[EventCountry "ENG"]
[WhiteTeam "Metropolitan"]
[BlackTeam "King supp Pawn"]

1. c4 g6 2. g3 Bg7 3. Bg2 f5 4. Nc3 Nf6 5. d3 d6 6. e4 c6 7. Nge2 e5 8. O-O Be6
9. Rb1 O-O 10. exf5 Bxf5 11. h3 Nbd7 12. g4 Be6 13. b3 Qc7 14. d4 Kh8 15. d5
Bg8 16. Be3 Nb6 17. Qd2 cxd5 18. cxd5 Qf7 19. Rfd1 e4 20. Nf4 Rfc8 21. Nxe4
Nxe4 22. Bxe4 Bc3 23. Qd3 Qf6 24. Ne2 Kg7 25. g5 Qe7 26. Nxc3 Kf8 27. Bg2 Rc7
28. Bf4 Rd8 29. Re1 Qf7 30. Re6 Qxf4 31. Rf6+ Rf7 32. Rxf4 Rxf4 33. Re1 Rd7 34.
Re6 Bxe6 35. dxe6 Re7 36. Qxd6 Rf5 37. Nd5 Nxd5 38. Bxd5 Rxg5+ 39. Kf1 Rf5 40.
Qd8+ Re8 41. e7+ Kg7 42. Qxe8 Rxd5 43. Qf8# 1-0

[Event "4NCL/Div4/MET vs. KSP"]
[Site "West Bromwich ENG"]
[Date "2006.12.02"]
[Round "3.2"]
[White "Davies, Matthew"]
[Black "Dickson, George"]
[Result "0-1"]
[WhiteElo "1960"]
[BlackElo "2171"]
[PlyCount "52"]
[EventDate "2006.12.02"]
[EventType "team"]
[EventRounds "11"]
[EventCountry "ENG"]
[WhiteTeam "King supp Pawn"]
[BlackTeam "Metropolitan"]

1. d4 f5 2. c4 Nf6 3. Nc3 g6 4. g3 Bg7 5. Bg2 O-O 6. Nf3 d6 7. O-O Nc6 8. d5
Ne5 9. Nxe5 dxe5 10. e4 f4 11. gxf4 exf4 12. e5 Ng4 13. e6 Ne5 14. b3 f3 15.
Bh3 g5 16. Re1 Qe8 17. Ne4 Qh5 18. Bf1 Ng4 19. h3 Bxa1 20. hxg4 Qxg4+ 21. Ng3
Bd4 22. Be3 Be5 23. Qd2 Bxg3 24. fxg3 Qxg3+ 25. Kh1 f2 26. Re2 Qg1# 0-1

[Event "4NCL/Div4/MET vs. KSP"]
[Site "West Bromwich ENG"]
[Date "2006.12.02"]
[Round "3.3"]
[White "Fogarasi, Norbert"]
[Black "Zhu, Yao Yao"]
[Result "1/2-1/2"]
[WhiteElo "2194"]
[BlackElo "2000"]
[PlyCount "62"]
[EventDate "2006.12.02"]
[EventType "team"]
[EventRounds "11"]
[EventCountry "ENG"]
[WhiteTeam "Metropolitan"]
[BlackTeam "King supp Pawn"]

1. e4 c5 2. Nc3 Nc6 3. f4 e6 4. Nf3 d6 5. Bb5 Bd7 6. O-O Nge7 7. d3 g6 8. Ne2
Bg7 9. c3 O-O 10. g4 f5 11. gxf5 exf5 12. Bc4+ Kh8 13. Ng5 Qe8 14. Qb3 Na5 15.
Nf7+ Rxf7 16. Bxf7 Nxb3 17. Bxe8 Nxc1 18. Bxd7 Nxe2+ 19. Kh1 Bh6 20. Rae1 Nxf4
21. exf5 Nxf5 22. Bxf5 gxf5 23. Re7 Rg8 24. Rf3 Nd5 25. Re6 Rg6 26. Re8+ Kg7
27. Rxf5 Ne3 28. Re7+ Kg8 29. Re8+ Kg7 30. Re7+ Kg8 31. Re8+ Kg7 1/2-1/2

[Event "4NCL/Div4/MET vs. KSP"]
[Site "West Bromwich ENG"]
[Date "2006.12.02"]
[Round "3.4"]
[White "Parry, Matthew (res)"]
[Black "Calvert, D Ian"]
[Result "1-0"]
[WhiteElo "1677"]
[BlackElo "2064"]
[PlyCount "75"]
[EventDate "2006.12.02"]
[EventType "team"]
[EventRounds "11"]
[EventCountry "ENG"]
[WhiteTeam "King supp Pawn"]
[BlackTeam "Metropolitan"]

1. d4 d5 2. Nf3 Nf6 3. e3 g6 4. Nbd2 Bg7 5. Bd3 c5 6. c3 Nbd7 7. O-O O-O 8. Re1
b6 9. e4 dxe4 10. Nxe4 cxd4 11. Nxd4 Bb7 12. Nf3 Bxe4 13. Bxe4 Nxe4 14. Rxe4
Nc5 15. Qxd8 Rfxd8 16. Rxe7 Rd1+ 17. Re1 Rxe1+ 18. Nxe1 Rd8 19. Kf1 f5 20. Bg5
Rd5 21. Be3 Ne6 22. f4 Rb5 23. Nd3 Nc5 24. Nxc5 bxc5 25. Rd1 Rxb2 26. Rd8+ Kf7
27. Rd7+ Kg8 28. Rxa7 Bxc3 29. Bxc5 h6 30. a4 g5 31. fxg5 hxg5 32. a5 Rd2 33.
a6 Rd1+ 34. Ke2 Rd2+ 35. Ke3 f4+ 36. Kf3 Bd4 37. Bxd4 Rxd4 38. Rb7 1-0

[Event "4NCL/Div4/MET vs. KSP"]
[Site "West Bromwich ENG"]
[Date "2006.12.02"]
[Round "3.5"]
[White "Djabri, Katherine"]
[Black "Spencer, Doug"]
[Result "0-1"]
[WhiteElo "2025"]
[BlackElo "1970"]
[PlyCount "78"]
[EventDate "2006.12.02"]
[EventType "team"]
[EventRounds "11"]
[EventCountry "ENG"]
[WhiteTeam "Metropolitan"]
[BlackTeam "King supp Pawn"]

1. e4 e5 2. Nf3 Nf6 3. Nc3 Bb4 4. d3 Nc6 5. Be2 O-O 6. O-O d5 7. exd5 Nxd5 8.
Nxd5 Qxd5 9. a3 Be7 10. c4 Qd6 11. b4 Bf6 12. Rb1 Bf5 13. Be3 Nd4 14. Nxd4 exd4
15. Bc1 Bh4 16. Bg4 Qg6 17. Bxf5 Qxf5 18. g3 Bf6 19. Bf4 g5 20. Bxc7 Qd7 21.
Qf3 Kg7 22. Qxb7 Rac8 23. Qxa7 Rxc7 24. Qb6 Ra7 25. Rb3 Re8 26. b5 Re6 27. Qc5
Re5 28. Qb4 Be7 29. Qd2 Rxa3 30. Rxa3 Bxa3 31. Ra1 Bc5 32. Ra6 Qe7 33. h4 h6
34. hxg5 hxg5 35. Rc6 Re2 36. Qa5 g4 37. Qc7 Re1+ 38. Kg2 Qe2 39. Qf4 Qf1+ 0-1

[Event "4NCL/Div4/MET vs. KSP"]
[Site "West Bromwich ENG"]
[Date "2006.12.02"]
[Round "3.6"]
[White "Smith, Stuart"]
[Black "Djabri, Zafer M"]
[Result "0-1"]
[WhiteElo "1690"]
[BlackElo "2059"]
[PlyCount "84"]
[EventDate "2006.12.02"]
[EventType "team"]
[EventRounds "11"]
[EventCountry "ENG"]
[WhiteTeam "King supp Pawn"]
[BlackTeam "Metropolitan"]

1. e4 c5 2. Nf3 Nc6 3. Be2 Nf6 4. d3 d5 5. exd5 Nxd5 6. Bd2 g6 7. c4 Nf6 8. Bc3
Bg4 9. h3 Bxf3 10. Bxf3 Rc8 11. Bxf6 exf6 12. O-O Be7 13. Na3 O-O 14. Qb3 b6
15. Bxc6 Rxc6 16. Rad1 f5 17. Qa4 Rc7 18. Nb5 Qd7 19. d4 cxd4 20. Rxd4 Qc6 21.
Qa6 Bc5 22. Rdd1 Rd7 23. Nxa7 Qe6 24. Qa4 Rxd1 25. Rxd1 Qe2 26. Rf1 Rd8 27. Qb3
Rd2 28. Qf3 Qxf3 29. gxf3 Rxb2 30. a4 Ra2 31. Nc6 Rxa4 32. Ne5 Bd4 33. Nc6 Rxc4
34. Nxd4 Rxd4 35. Rb1 Rd6 36. Kf1 Kg7 37. Ke2 Kf6 38. Rb5 Ke6 39. f4 Kd7 40.
Ke3 Kc6 41. Rb1 b5 42. Rc1+ Kb6 0-1

[Event "4NCL/Div4/FCA2 vs. OXF2"]
[Site "West Bromwich ENG"]
[Date "2006.12.02"]
[Round "3.1"]
[White "Adebajo, Femi"]
[Black "Shaw, David A"]
[Result "0-1"]
[WhiteElo "2053"]
[BlackElo "2201"]
[PlyCount "86"]
[EventDate "2006.12.02"]
[EventType "team"]
[EventRounds "11"]
[EventCountry "ENG"]
[WhiteTeam "FCA Solutions 2"]
[BlackTeam "Oxford 2"]

1. e4 e6 2. d3 d5 3. Nd2 c5 4. Ngf3 Bd6 5. g3 Nc6 6. Bg2 Nge7 7. O-O Bd7 8. Re1
Qc7 9. c3 O-O 10. Qe2 f6 11. Nf1 d4 12. h4 e5 13. N1h2 Be6 14. h5 b5 15. Nh4 c4
16. dxc4 bxc4 17. Bd2 Rab8 18. Rab1 d3 19. Qd1 Qa5 20. a3 Rb3 21. g4 Qb5 22.
Qf3 Rxb2 23. Rbd1 Bxa3 24. Nf5 Bc5 25. Nf1 a5 26. N1e3 a4 27. Nd5 Qb7 28. h6
Bxf5 29. hxg7 Rf7 30. gxf5 Nxd5 31. exd5 Ne7 32. Kh1 a3 33. Qg4 Qb3 34. Be3
Bxe3 35. Rxe3 Rb1 36. Rxb1 Qxb1+ 37. Kh2 d2 38. d6 d1=Q 39. dxe7 Qxg4 40. e8=Q+
Kxg7 41. Rg3 Qxg3+ 42. Kxg3 a2 43. Bd5 Qd3+ 0-1

[Event "4NCL/Div4/FCA2 vs. OXF2"]
[Site "West Bromwich ENG"]
[Date "2006.12.02"]
[Round "3.2"]
[White "Rawlinson, Aidan"]
[Black "Elwin, Adrian G"]
[Result "1-0"]
[WhiteElo "2183"]
[BlackElo "2048"]
[PlyCount "85"]
[EventDate "2006.12.02"]
[EventType "team"]
[EventRounds "11"]
[EventCountry "ENG"]
[WhiteTeam "Oxford 2"]
[BlackTeam "FCA Solutions 2"]

1. e4 c6 2. d4 d5 3. e5 Bf5 4. Nc3 e6 5. g4 Bg6 6. Nge2 Bb4 7. h4 Be4 8. Rh3 h5
9. Ng3 Bxc2 10. Qxc2 hxg4 11. Rh1 Rxh4 12. Rxh4 Qxh4 13. Be3 Nd7 14. O-O-O
O-O-O 15. Be2 Nh6 16. Kb1 Qe7 17. Bxh6 gxh6 18. Bxg4 Kb8 19. a3 Ba5 20. Na4 Bb6
21. Ka2 Qh4 22. Nxb6 Nxb6 23. Bh5 f5 24. exf6 Qxf6 25. Qe2 Nc4 26. Bg4 e5 27.
b3 exd4 28. bxc4 dxc4 29. Qxc4 Qxf2+ 30. Ne2 Re8 31. Qxd4 Rxe2+ 32. Bxe2 Qxe2+
33. Rd2 Qe6+ 34. Kb2 a6 35. Qd6+ Qxd6 36. Rxd6 Kc7 37. Rxh6 b5 38. Kc3 Kb6 39.
Kd4 a5 40. Rg6 a4 41. Rf6 b4 42. axb4 Kb5 43. Kc3 1-0

[Event "4NCL/Div4/FCA2 vs. OXF2"]
[Site "West Bromwich ENG"]
[Date "2006.12.02"]
[Round "3.3"]
[White "Valentine, Brian J"]
[Black "Dickinson, Timothy R"]
[Result "0-1"]
[WhiteElo "2003"]
[BlackElo "2206"]
[PlyCount "80"]
[EventDate "2006.12.02"]
[EventType "team"]
[EventRounds "11"]
[EventCountry "ENG"]
[WhiteTeam "FCA Solutions 2"]
[BlackTeam "Oxford 2"]

1. e4 c6 2. d4 d5 3. e5 Bf5 4. Nf3 e6 5. Be2 Nd7 6. O-O Ne7 7. Be3 Bg6 8. b3
Nf5 9. Bg5 Be7 10. Bxe7 Qxe7 11. c4 O-O 12. Nc3 Rad8 13. c5 f6 14. exf6 Qxf6
15. Qd2 e5 16. dxe5 Nxe5 17. Rad1 Nxf3+ 18. Bxf3 Nh4 19. Bg4 d4 20. Ne2 d3 21.
Ng3 Qd4 22. Be6+ Kh8 23. b4 Rde8 24. Bh3 b6 25. Rc1 Qf4 26. Qxf4 Rxf4 27. cxb6
axb6 28. Rxc6 Rd4 29. f4 d2 30. Bg4 Bd3 31. Rd1 Bb5 32. Re6 Red8 33. Ne2 Rd3
34. f5 Ba4 35. Nf4 Bxd1 36. Bxd1 R3d4 37. g3 Rxb4 38. Kf2 Nxf5 39. Re5 Rb1 40.
Bc2 Rc1 0-1

[Event "4NCL/Div4/FCA2 vs. OXF2"]
[Site "West Bromwich ENG"]
[Date "2006.12.02"]
[Round "3.4"]
[White "Scott, David A"]
[Black "Majer, Chris E"]
[Result "1-0"]
[WhiteElo "2110"]
[BlackElo "1997"]
[PlyCount "109"]
[EventDate "2006.12.02"]
[EventType "team"]
[EventRounds "11"]
[EventCountry "ENG"]
[WhiteTeam "Oxford 2"]
[BlackTeam "FCA Solutions 2"]

1. Nf3 Nf6 2. c4 c5 3. g3 b6 4. Bg2 Bb7 5. O-O e6 6. Nc3 Be7 7. b3 O-O 8. Bb2
d5 9. cxd5 Nxd5 10. Rc1 Bf6 11. Qc2 Nd7 12. Rfd1 Qc7 13. Nxd5 Bxd5 14. Bxf6
Nxf6 15. d4 Rac8 16. dxc5 Qxc5 17. Qxc5 Rxc5 18. Rxc5 bxc5 19. Ne5 Bxg2 20.
Kxg2 Rc8 21. Rc1 Kf8 22. b4 Ke7 23. bxc5 Nd7 24. Nd3 e5 25. c6 Nb8 26. Nxe5 f6
27. c7 Na6 28. Nc6+ Kd7 29. Nxa7 Rxc7 30. Rxc7+ Kxc7 31. Nb5+ Kc6 32. Nd4+ Kd5
33. e3 Nc5 34. f3 g6 35. Nb3 Nd3 36. e4+ Kc4 37. f4 Nb4 38. Nc1 Kc3 39. h4 Kc2
40. e5 fxe5 41. fxe5 Kc3 42. Kf3 Kd4 43. Kf4 h6 44. Ne2+ Kd5 45. h5 Nd3+ 46.
Ke3 Nxe5 47. Nf4+ Kd6 48. hxg6 Ke7 49. a4 Kf6 50. Ke4 Nd7 51. a5 Ke7 52. Kd5
Kf6 53. a6 Ke7 54. Kc6 Ne5+ 55. Kb7 1-0

[Event "4NCL/Div4/FCA2 vs. OXF2"]
[Site "West Bromwich ENG"]
[Date "2006.12.02"]
[Round "3.5"]
[White "Shaw, John S"]
[Black "Ludbrook, Matt"]
[Result "0-1"]
[WhiteElo "1895"]
[BlackElo "2058"]
[PlyCount "56"]
[EventDate "2006.12.02"]
[EventType "team"]
[EventRounds "11"]
[EventCountry "ENG"]
[WhiteTeam "FCA Solutions 2"]
[BlackTeam "Oxford 2"]

1. d4 Nf6 2. Nf3 g6 3. Bf4 d6 4. e3 Bg7 5. Be2 O-O 6. O-O Nh5 7. Bg5 h6 8. Bh4
g5 9. Nfd2 Nf6 10. Bg3 Nc6 11. Nc3 e5 12. d5 Ne7 13. Nde4 Nxe4 14. Nxe4 f5 15.
f4 exf4 16. exf4 fxe4 17. fxg5 Rxf1+ 18. Bxf1 hxg5 19. Qh5 Nf5 20. Be2 Bd7 21.
Rf1 Qe7 22. c3 Rf8 23. Be1 Ne3 24. Rxf8+ Kxf8 25. Bd2 Nxd5 26. Bxg5 Qe5 27. Qh4
Nf6 28. Bc4 Qc5+ 0-1

[Event "4NCL/Div4/FCA2 vs. OXF2"]
[Site "West Bromwich ENG"]
[Date "2006.12.02"]
[Round "3.6"]
[White "Bruce, Dave"]
[Black "Stenning, Marissa"]
[Result "1/2-1/2"]
[WhiteElo "2025"]
[BlackElo "1815"]
[PlyCount "73"]
[EventDate "2006.12.02"]
[EventType "team"]
[EventRounds "11"]
[EventCountry "ENG"]
[WhiteTeam "Oxford 2"]
[BlackTeam "FCA Solutions 2"]

1. e4 d5 2. exd5 Qxd5 3. Nc3 Qa5 4. d4 Nf6 5. Bc4 Bf5 6. Nf3 e6 7. Bd2 c6 8.
Qe2 Be7 9. a3 Qc7 10. Ne5 Nbd7 11. Bf4 Bd6 12. O-O-O Nb6 13. Bd3 Bxd3 14. Rxd3
Nbd5 15. Nxd5 Nxd5 16. Bg3 O-O-O 17. c4 Nf6 18. c5 Bxe5 19. Bxe5 Qe7 20. Bd6
Qd7 21. Rhd1 Ne8 22. Bg3 Qd5 23. Qd2 a6 24. Qf4 e5 25. Qf5+ Kb8 26. Qxe5+ Qxe5
27. dxe5 Rxd3 28. Rxd3 Kc8 29. Rf3 f6 30. e6 Nc7 31. Bxc7 Kxc7 32. Rd3 Rd8 33.
Kc2 Rxd3 34. Kxd3 Kd8 35. f4 Ke7 36. f5 g6 37. fxg6 1/2-1/2

[Event "4NCL/Div4/JUTK vs. NOTT1"]
[Site "West Bromwich ENG"]
[Date "2006.12.02"]
[Round "3.1"]
[White "Naylor, John"]
[Black "Richmond, Robert J"]
[Result "1/2-1/2"]
[WhiteElo "2227"]
[BlackElo "2229"]
[PlyCount "81"]
[EventDate "2006.12.02"]
[EventType "team"]
[EventRounds "11"]
[EventCountry "ENG"]
[WhiteTeam "Jutes of Kent"]
[BlackTeam "Notts 1"]

1. e4 e6 2. d4 d5 3. Nd2 Nf6 4. e5 Nfd7 5. Bd3 c5 6. c3 Nc6 7. Ne2 cxd4 8. cxd4
f6 9. exf6 Nxf6 10. Nf3 Bd6 11. O-O O-O 12. Bf4 Bxf4 13. Nxf4 Ne4 14. Nh5 Qb6
15. Bxe4 dxe4 16. Ng5 Nxd4 17. b3 e3 18. fxe3 Nf5 19. Qg4 g6 20. Ne4 e5 21. Kh1
Be6 22. Qg5 Kh8 23. Nhf6 Bg8 24. Nd7 Qc6 25. Nxf8 Rxf8 26. Nf2 h6 27. Qg4 Nxe3
28. Qg3 Nxf1 29. Qxe5+ Qf6 30. Qxf6+ Rxf6 31. Rxf1 Kg7 32. Kg1 Bd5 33. Rd1 Bc6
34. Ng4 Re6 35. Kf2 h5 36. Ne3 Rf6+ 37. Ke2 Bb5+ 38. Ke1 Re6 39. Kf2 Rf6+ 40.
Ke1 Re6 41. Kf2 1/2-1/2

[Event "4NCL/Div4/JUTK vs. NOTT1"]
[Site "West Bromwich ENG"]
[Date "2006.12.02"]
[Round "3.2"]
[White "Mercs, Peter J"]
[Black "Mack, Andy"]
[Result "1/2-1/2"]
[WhiteElo "2066"]
[BlackElo "2226"]
[PlyCount "48"]
[EventDate "2006.12.02"]
[EventType "team"]
[EventRounds "11"]
[EventCountry "ENG"]
[WhiteTeam "Notts 1"]
[BlackTeam "Jutes of Kent"]

1. e4 e6 2. d4 d5 3. e5 c5 4. c3 Qb6 5. Nf3 Nc6 6. Be2 Nh6 7. Na3 cxd4 8. cxd4
Bxa3 9. bxa3 Nf5 10. Be3 Qa5+ 11. Qd2 Qxa3 12. O-O O-O 13. Rab1 f6 14. exf6
Rxf6 15. Bg5 Rf7 16. Rfc1 a6 17. Bf4 Qf8 18. Ne5 Nxe5 19. Bxe5 Ne7 20. Bh5 g6
21. Bg4 Nc6 22. Rxc6 bxc6 23. h4 Qe7 24. Qh6 Qf8 1/2-1/2

[Event "4NCL/Div4/JUTK vs. NOTT1"]
[Site "West Bromwich ENG"]
[Date "2006.12.02"]
[Round "3.3"]
[White "Donovan, Nigel"]
[Black "Walker, Andrew N"]
[Result "0-1"]
[WhiteElo "2119"]
[BlackElo "2060"]
[PlyCount "134"]
[EventDate "2006.12.02"]
[EventType "team"]
[EventRounds "11"]
[EventCountry "ENG"]
[WhiteTeam "Jutes of Kent"]
[BlackTeam "Notts 1"]

1. e4 e5 2. Bc4 Nf6 3. d3 Bc5 4. Nf3 d6 5. c3 O-O 6. Nbd2 Nc6 7. b4 Bb6 8. Bb3
a5 9. b5 Ne7 10. Nc4 Bc5 11. O-O Be6 12. d4 a4 13. d5 Bxd5 14. exd5 axb3 15.
Qxb3 Nexd5 16. Bg5 h6 17. Bh4 g5 18. Bg3 Ne4 19. Rfe1 Nxg3 20. hxg3 Nf6 21.
Rad1 Qc8 22. Nfd2 Qf5 23. Ne3 Qg6 24. Nd5 Nxd5 25. Qxd5 Qe6 26. Ne4 Bb6 27. Re2
Ra7 28. c4 Bd4 29. Rdd2 Qxd5 30. Nf6+ Kg7 31. Nxd5 c6 32. Ne3 Bxe3 33. Rxe3
cxb5 34. cxb5 Ra5 35. Rb3 Rd8 36. Kf1 Kf6 37. Ke2 Ke6 38. g4 d5 39. Rdb2 Rda8
40. Rh3 Rxa2 41. Rxh6+ f6 42. Rxa2 Rxa2+ 43. Ke3 Rb2 44. g3 Rb3+ 45. Ke2 e4 46.
Rh8 Ke5 47. Re8+ Kd6 48. Rd8+ Ke6 49. Re8+ Kd7 50. Rf8 Ke7 51. Rb8 Rxb5 52. Ke3
Rb4 53. Rh8 b6 54. Rb8 Rb3+ 55. Kd2 Kd7 56. Rf8 Rf3 57. Ke2 b5 58. Rb8 Kc6 59.
Rc8+ Kd6 60. Rb8 Rb3 61. Rf8 Ke5 62. Re8+ Kd4 63. Rf8 e3 64. fxe3+ Rxe3+ 65.
Kf2 Re6 66. Rb8 Kc5 67. Rc8+ Rc6 0-1

[Event "4NCL/Div4/JUTK vs. NOTT1"]
[Site "West Bromwich ENG"]
[Date "2006.12.02"]
[Round "3.4"]
[White "Truman, Richard G"]
[Black "Rice, Chris"]
[Result "1/2-1/2"]
[WhiteElo "2027"]
[BlackElo "2110"]
[PlyCount "87"]
[EventDate "2006.12.02"]
[EventType "team"]
[EventRounds "11"]
[EventCountry "ENG"]
[WhiteTeam "Notts 1"]
[BlackTeam "Jutes of Kent"]

1. d4 Nf6 2. c4 d6 3. Nf3 Nbd7 4. Nc3 c6 5. e4 e5 6. Be2 Be7 7. O-O O-O 8. Qc2
a6 9. Rd1 Qc7 10. Be3 b5 11. cxb5 cxb5 12. Rac1 Bd8 13. Qd3 Qb8 14. dxe5 dxe5
15. Nd5 Bb7 16. Nd2 Re8 17. Nxf6+ Nxf6 18. f3 Re6 19. Nb3 Bb6 20. Bxb6 Rxb6 21.
Nc5 h6 22. Nd7 Nxd7 23. Qxd7 Qa7 24. Kh1 Bc6 25. Qf5 Qb8 26. Rc5 Be8 27. Rcd5
Re6 28. g3 Qb6 29. Kg2 Qe3 30. R1d2 Qg5 31. Qxg5 hxg5 32. Bd1 Bc6 33. Rd8+ Rxd8
34. Rxd8+ Kh7 35. Bb3 Re7 36. Rd6 Bb7 37. Kf2 f6 38. Ke3 Rc7 39. Kd3 Kh6 40.
Rd8 Kg6 41. Be6 Kh7 42. g4 Bc6 43. Bg8+ Kg6 44. Be6 1/2-1/2

[Event "4NCL/Div4/JUTK vs. NOTT1"]
[Site "West Bromwich ENG"]
[Date "2006.12.02"]
[Round "3.5"]
[White "Robertson, Mark"]
[Black "Lakhani, Kishan"]
[Result "1-0"]
[WhiteElo "2105"]
[BlackElo "1984"]
[PlyCount "85"]
[EventDate "2006.12.02"]
[EventType "team"]
[EventRounds "11"]
[EventCountry "ENG"]
[WhiteTeam "Jutes of Kent"]
[BlackTeam "Notts 1"]

1. e4 c5 2. Nf3 d6 3. d4 cxd4 4. Nxd4 Nf6 5. Nc3 g6 6. g3 Bg7 7. Bg2 O-O 8. O-O
Nbd7 9. h3 a6 10. g4 e5 11. Nde2 Nc5 12. f4 Qb6 13. Be3 exf4 14. Nxf4 Qxb2 15.
Bd4 Nfxe4 16. Bxg7 Nxc3 17. Qd4 Ne6 18. Qxc3 Qb6+ 19. Kh1 Nxg7 20. Nd5 Qc5 21.
Qxc5 dxc5 22. Ne7+ Kh8 23. Nxc8 Raxc8 24. Bxb7 Rc7 25. Bxa6 Ne6 26. Bc4 Nd4 27.
Rf2 Kg7 28. a4 Ra7 29. a5 Nc6 30. a6 Ne5 31. Bd5 Rd8 32. Bb7 f6 33. Raf1 Rd6
34. Kg2 h6 35. Re2 c4 36. Rff2 Kg8 37. Rd2 Rxd2 38. Rxd2 Nf7 39. Rd4 c3 40. Rd3
Kf8 41. Rxc3 Nd6 42. Rc7 Ke8 43. Bc6+ 1-0

[Event "4NCL/Div4/JUTK vs. NOTT1"]
[Site "West Bromwich ENG"]
[Date "2006.12.02"]
[Round "3.6"]
[White "Webster, Richard J"]
[Black "Molineux, David"]
[Result "1-0"]
[WhiteElo "1983"]
[BlackElo "1900"]
[PlyCount "149"]
[EventDate "2006.12.02"]
[EventType "team"]
[EventRounds "11"]
[EventCountry "ENG"]
[WhiteTeam "Notts 1"]
[BlackTeam "Jutes of Kent"]

1. c4 Nf6 2. g3 e6 3. Bg2 d5 4. Nf3 Nc6 5. b3 e5 6. cxd5 Nxd5 7. Bb2 Bd6 8. O-O
Be6 9. d3 O-O 10. Nbd2 f5 11. a3 a5 12. e3 Qe7 13. Nc4 Bd7 14. Nfxe5 Nxe3 15.
Nxc6 Bxc6 16. Nxe3 Bxg2 17. Nxg2 f4 18. Qf3 fxg3 19. Qd5+ Kh8 20. hxg3 c6 21.
Qe4 Qd7 22. Ne3 Rae8 23. Qd4 Qc7 24. Qg4 Rf7 25. Kg2 Ref8 26. Nc4 Bc5 27. Bd4
Bxd4 28. Qxd4 c5 29. Qd6 Qc8 30. Ne5 Rf6 31. Qd5 Rf5 32. f4 g5 33. fxg5 b6 34.
Rxf5 Qxf5 35. Qf3 Kg7 36. Qxf5 Rxf5 37. Nf3 Rd5 38. Rd1 b5 39. Rd2 Kg6 40. g4
Rd8 41. Ne5+ Kg7 42. Kf3 Rd4 43. Ke3 a4 44. bxa4 Rxa4 45. Rb2 c4 46. Rxb5 cxd3
47. Rb7+ Kg8 48. Rb3 Ra5 49. Nxd3 Rxg5 50. Kf4 Ra5 51. Ne5 Kg7 52. Kf5 Ra6 53.
g5 Ra5 54. Rc3 Ra7 55. Rd3 Ra5 56. Re3 Ra6 57. Ke4 Kf8 58. Kd5 Ke8 59. Nc6+ Kf7
60. Kc5 Kg6 61. Kb5 Ra8 62. Rg3 Kf5 63. a4 Kf4 64. Rg1 Rg8 65. a5 h5 66. a6 h4
67. a7 h3 68. Rf1+ Kg3 69. Nb8 Rxg5+ 70. Kb4 Rg4+ 71. Kb3 Kg2 72. Rc1 Rg3+ 73.
Kb2 h2 74. a8=Q+ Kh3 75. Rc3 1-0

[Event "4NCL/Div4/MONM vs. CAMB2"]
[Site "West Bromwich ENG"]
[Date "2006.12.02"]
[Round "3.1"]
[White "Sully, David"]
[Black "Cooley, Oliver"]
[Result "1/2-1/2"]
[WhiteElo "2126"]
[BlackElo "2101"]
[PlyCount "81"]
[EventDate "2006.12.02"]
[EventType "team"]
[EventRounds "11"]
[EventCountry "ENG"]
[WhiteTeam "Monmouth"]
[BlackTeam "Cambridge Uni 2 "]

1. e4 d5 2. exd5 Qxd5 3. Nf3 Nf6 4. d4 Bg4 5. Be2 Nc6 6. O-O e6 7. c4 Qd7 8.
Be3 O-O-O 9. Qb3 Ne4 10. Rd1 f5 11. Nc3 Bxf3 12. Bxf3 Na5 13. Qc2 Nxc4 14. Nxe4
Nxe3 15. fxe3 fxe4 16. Qxe4 Qd5 17. Qc2 Qb5 18. Bg4 Bd6 19. Bxe6+ Kb8 20. d5
Bc5 21. Rd3 Qb6 22. Re1 c6 23. Rb3 Qa5 24. Rc1 Bb6 25. Ra3 Qb4 26. dxc6 Qe7 27.
Kh1 bxc6 28. Bg4 Rd6 29. Rc3 Qf6 30. Bf3 Re8 31. Qb3 Qe6 32. Qb4 Red8 33. h3
Qe5 34. Rxc6 Rxc6 35. Rxc6 Qxe3 36. Rxb6+ Qxb6 37. Qe4 Rd7 38. Qe5+ Rd6 39.
Qe8+ Qd8 40. Qe4 Qb6 41. Qe8+ 1/2-1/2

[Event "4NCL/Div4/MONM vs. CAMB2"]
[Site "West Bromwich ENG"]
[Date "2006.12.02"]
[Round "3.2"]
[White "Spencer, Carl"]
[Black "Thomas, Joseff"]
[Result "0-1"]
[WhiteElo "2030"]
[BlackElo "2025"]
[PlyCount "78"]
[EventDate "2006.12.02"]
[EventType "team"]
[EventRounds "11"]
[EventCountry "ENG"]
[WhiteTeam "Cambridge Uni 2 "]
[BlackTeam "Monmouth"]

1. e4 e5 2. f4 exf4 3. Bc4 Nc6 4. Nc3 Nf6 5. d3 Bb4 6. Nf3 Na5 7. Bb3 Nxb3 8.
axb3 d5 9. e5 Nh5 10. O-O Bg4 11. Ne2 g5 12. g3 Bh3 13. Rf2 g4 14. Nh4 f3 15.
Nf4 Nxf4 16. Bxf4 Qd7 17. Bg5 Be7 18. Qd2 a6 19. Bxe7 Qxe7 20. Nf5 Qf8 21. Qg5
Rg8 22. Qh4 Kd7 23. d4 Re8 24. c3 Re6 25. c4 dxc4 26. bxc4 h6 27. c5 f6 28.
Rxf3 gxf3 29. Qxh3 f2+ 30. Kf1 fxe5 31. d5 Rf6 32. c6+ bxc6 33. dxc6+ Kxc6 34.
Qg2+ Kb6 35. Ne3 Ka7 36. Qd5 Qd6 37. Qxg8 Qd3+ 38. Kg2 Qxe3 39. Rxa6+ Rxa6 0-1